<?xml version="1.0" encoding="UTF-8"?>
<collection xmlns="http://www.loc.gov/MARC21/slim">
 <record>
  <leader>00952cam a2200229 7i4500</leader>
  <controlfield tag="001">0000006069</controlfield>
  <controlfield tag="005">20020409090000.0</controlfield>
  <datafield tag="010" ind1="#" ind2="#">
   <subfield code="a">87036102</subfield>
  </datafield>
  <datafield tag="020" ind1="0" ind2="0">
   <subfield code="a">9027726914 </subfield>
  </datafield>
  <datafield tag="035" ind1="0" ind2="0">
   <subfield code="a">0145-51560</subfield>
  </datafield>
  <datafield tag="090" ind1="0" ind2="0">
   <subfield code="a">TK 2960 </subfield>
   <subfield code="b">P467 1988</subfield>
  </datafield>
  <datafield tag="245" ind1="0" ind2="0">
   <subfield code="a">Photovoltaic power generation : </subfield>
   <subfield code="b">proceedings of the second contractors' meeting held in Hamburg, 16-18 September 1987  </subfield>
   <subfield code="c">edited by R. van Overstraeten and G. Caratti..</subfield>
  </datafield>
  <datafield tag="260" ind1="0" ind2="0">
   <subfield code="a">Dordrecht, The Netherlands: </subfield>
   <subfield code="b">Kluwer Academic Publishers, </subfield>
   <subfield code="c">1988..</subfield>
  </datafield>
  <datafield tag="300" ind1="#" ind2="#">
   <subfield code="a">311p.: </subfield>
   <subfield code="b">ill.; </subfield>
   <subfield code="c">25cm..</subfield>
  </datafield>
  <datafield tag="490" ind1="0" ind2="0">
   <subfield code="a">Solar energy development--third programme; </subfield>
   <subfield code="v">v. 3</subfield>
  </datafield>
  <datafield tag="500" ind1="0" ind2="0">
   <subfield code="a">&quot;Commission of the European Communities, Brussels, Belgium.&quot;</subfield>
  </datafield>
  <datafield tag="504" ind1="0" ind2="0">
   <subfield code="a">Includes bibliographies.</subfield>
  </datafield>
  <datafield tag="650" ind1="0" ind2="0">
   <subfield code="a">Photovoltaic power generation -- </subfield>
   <subfield code="x">Congresses. </subfield>
  </datafield>
  <datafield tag="700" ind1="1" ind2="1">
   <subfield code="a">Caratti, </subfield>
   <subfield code="h">G.(</subfield>
   <subfield code="d">1956- .) </subfield>
  </datafield>
  <datafield tag="700" ind1="1" ind2="1">
   <subfield code="a">Overstraeten, </subfield>
   <subfield code="h">R. van. </subfield>
  </datafield>
  <datafield tag="710" ind1="1" ind2="1">
   <subfield code="a">Commission of the European Communities. </subfield>
  </datafield>
  <datafield tag="999" ind1=" " ind2=" ">
   <subfield code="a">1000395712</subfield>
   <subfield code="b">Book</subfield>
   <subfield code="c">Open Shelf</subfield>
   <subfield code="e">KOLEKSI TERBUKA</subfield>
  </datafield>
 </record>
</collection>
